00636nam a2200181 4500001000700000003000900007005001700016007000300033008004100036100003600077245007900113260003900192300002800231700002200259852003200281999001900313952012200332127545ES-MaACL20230906193032.0t|070214s1973 sp r ||||1| spa d1 aRieupeyrout, Jean-Louis.99717310aHistoria del far-west / cJean-Louis Rieupeyrout ; versión de B. Losada. aBarcelona : bLuis Caralt, c1973. a2 v. : bil. ; c22 cm.1 aLosada, B.974250 aES-MaACLjC-51300 bR.85185 c127545d127545 00104070aATENEOMbATENEOMcDEPO2d2008-01-17eSCl0oC-51300p1132844r2023-02-23 00:00:00w2023-02-23yMONOGRAFIA